Statistics for Hey, give that back!

Click here to take the quiz!

General Stats

  • This quiz has been taken 10 times
  • The average score is 12 of 16

Answer Stats

HintAnswer% Correct
KosovoSerbia
100%
GibraltarSpain
100%
Åland IslandsSweden
100%
CrimeaUkraine
100%
Southern SchleswigDenmark
78%
AlsaceGermany
78%
DanzigGermany
78%
South TyrolAustria
67%
SkåneDenmark
67%
Eupen-MalmedyGermany
67%
VojvodinaHungary
67%
SzékelyHungary
67%
UlsterIreland
67%
OlivenzaPortugal
67%
ZaolziePoland
56%
KresyPoland
56%

Score Distribution

Percentile by Number Answered

Percent of People with Each Score

Your Score History

You have not taken this quiz